Documentos básicos

Guardado en:
書目詳細資料
企業作者: Universidad para la Paz
格式: 未知
出版: San José: Imprenta Nacional
標簽: 添加標簽
沒有標簽, 成為第一個標記此記錄!

MARC

LEADER 00000 a2200000 04500
001 15307
003
008 991231s d
040
090 |a 018405  
110 |a Universidad para la Paz  
245 |a Documentos básicos  
260 |a San José:   |b Imprenta Nacional  
300 |a 264 p  
999 |c 14012  |d 14012